<?xml version="1.0" encoding="UTF-8"?><?xml-stylesheet type="text/xsl" href="static/style.xsl"?><OAI-PMH xmlns="http://www.openarchives.org/OAI/2.0/" xmlns:xsi="http://www.w3.org/2001/XMLSchema-instance" xsi:schemaLocation="http://www.openarchives.org/OAI/2.0/ http://www.openarchives.org/OAI/2.0/OAI-PMH.xsd"><responseDate>2026-06-01T01:09:36Z</responseDate><request verb="GetRecord" identifier="oai:docta.ucm.es:20.500.14352/116979" metadataPrefix="marc">https://docta.ucm.es/rest/oai/request</request><GetRecord><record><header><identifier>oai:docta.ucm.es:20.500.14352/116979</identifier><datestamp>2025-03-04T17:45:18Z</datestamp><setSpec>com_20.500.14352_14</setSpec><setSpec>col_20.500.14352_15</setSpec></header><metadata><record xmlns="http://www.loc.gov/MARC21/slim" xmlns:dcterms="http://purl.org/dc/terms/" xmlns:xsi="http://www.w3.org/2001/XMLSchema-instance" xmlns:doc="http://www.lyncode.com/xoai" xsi:schemaLocation="http://www.loc.gov/MARC21/slim http://www.loc.gov/standards/marcxml/schema/MARC21slim.xsd">
   <leader>00925njm 22002777a 4500</leader>
   <datafield ind2=" " ind1=" " tag="042">
      <subfield code="a">dc</subfield>
   </datafield>
   <datafield ind2=" " ind1=" " tag="720">
      <subfield code="a">Bouza Santiago, Emilio</subfield>
      <subfield code="e">author</subfield>
   </datafield>
   <datafield ind2=" " ind1=" " tag="720">
      <subfield code="a">Onori, Raffaella </subfield>
      <subfield code="e">author</subfield>
   </datafield>
   <datafield ind2=" " ind1=" " tag="720">
      <subfield code="a">Álvarez-Uría, Ana </subfield>
      <subfield code="e">author</subfield>
   </datafield>
   <datafield ind2=" " ind1=" " tag="720">
      <subfield code="a">Alcalá, Luis </subfield>
      <subfield code="e">author</subfield>
   </datafield>
   <datafield ind2=" " ind1=" " tag="720">
      <subfield code="a">Semiglia-Chong, María Auxiliadora </subfield>
      <subfield code="e">author</subfield>
   </datafield>
   <datafield ind2=" " ind1=" " tag="720">
      <subfield code="a">Burillo Albizua, Almudena</subfield>
      <subfield code="e">author</subfield>
   </datafield>
   <datafield ind2=" " ind1=" " tag="260">
      <subfield code="c">2020</subfield>
   </datafield>
   <datafield ind2=" " ind1=" " tag="520">
      <subfield code="a">Purpose
This study examines the impacts of a skin and soft tissue infection (SSTI) management program involving a rapid diagnostic algorithm (Gram stain plus real-time PCR, GeneXpert® MRSA/SA SSTI) performed directly on clinical samples plus antimicrobial stewardship (AMS) counseling of the responsible physician.
Methods
Participants were 155 consecutive adult inpatients with SSTI and good quality clinical samples submitted to the microbiology laboratory from April 2016 to January 2017. Results of the rapid test and AMS recommendations were phoned through to the responsible physician. The comparison group was a historical cohort.
Results
Most SSTI were surgical wound infections (41.3% vs 38.1% for the intervention and comparison groups respectively) followed by diabetic foot (14.2% and 18.1%), abscesses (13.5% both) and cellulitis (12.9% both). Isolated microorganisms were mostly Gram-negative bacilli (two-thirds), followed by Staphylococcus aureus (SA). The ratio methicillin-susceptible SA (MSSA) to methicillin-resistant SA (MRSA) was 4:1. Improvements in the intervention cohort were: DOT (22.0 vs. 24.3 days, p = 0.007), treatment duration per SSTI episode (14.1 vs. 15.0 days, p = 0.072), treatment cost (433.1 vs. 533.3 €, p = 0.039), length of stay (18.6 vs 20.7 days, p = 0.031), related mortality (1 vs. 4 patients, p = 0.022) and Clostridium difficile infection (CDI) (4 vs. 8 patients, p = 0.050). In 48 cases (31.4%) in the intervention group, advice was given to improve empiric antibiotic treatment.
Conclusion
This type of program could help adjust antibiotic treatment when inappropriate, reducing antibiotic use and costs, length of stay, CDI and related mortality.</subfield>
   </datafield>
   <datafield ind1="8" ind2=" " tag="024">
      <subfield code="a">Bouza E, Onori R, Semiglia-Chong MA, Álvarez-Uría A, Alcalá L, Burillo A. Fast track SSTI management program based on a rapid molecular test (GeneXpert® MRSA/SA SSTI) and antimicrobial stewardship. J Microbiol Immunol Infect. 2020 Apr;53(2):328-335. doi: 10.1016/j.jmii.2018.07.008. Epub 2018 Aug 31. PMID: 30224283.</subfield>
   </datafield>
   <datafield ind1="8" ind2=" " tag="024">
      <subfield code="a">1684-1182</subfield>
   </datafield>
   <datafield ind1="8" ind2=" " tag="024">
      <subfield code="a">10.1016/j.jmii.2018.07.008</subfield>
   </datafield>
   <datafield ind1="8" ind2=" " tag="024">
      <subfield code="a">https://hdl.handle.net/20.500.14352/116979</subfield>
   </datafield>
   <datafield ind1="8" ind2=" " tag="024">
      <subfield code="a">https://doi.org/10.1016/j.jmii.2018.07.008</subfield>
   </datafield>
   <datafield ind1="8" ind2=" " tag="024">
      <subfield code="a">30224283</subfield>
   </datafield>
   <datafield ind1="8" ind2=" " tag="024">
      <subfield code="a">https://www.sciencedirect.com/journal/journal-of-microbiology-immunology-and-infection</subfield>
   </datafield>
   <datafield ind2="0" ind1="0" tag="245">
      <subfield code="a">Fast track SSTI management program based on a rapid molecular test (GeneXpert® MRSA/SA SSTI) and antimicrobial stewardship</subfield>
   </datafield>
</record></metadata></record></GetRecord></OAI-PMH>